| 000 | 00801nam a2200241Ia 4500 | ||
|---|---|---|---|
| 005 | 20221206151616.0 | ||
| 008 | 210716s2013 xx 000 0 und d | ||
| 020 | _a9788131764350 | ||
| 040 | _cAIMIT LIBRARY | ||
| 041 | _aeng | ||
| 082 |
_a657.42 _214 _bHORC |
||
| 100 |
_aHorngren, Charles T. _964833 |
||
| 245 |
_aCost accounting : _bmanagerial emphasis / _cBy Charles T Horngren, Srikant M Datar and Madhav V Rajan. |
||
| 250 | _a14th ed. | ||
| 260 |
_aNew Delhi : _bPearson Education , _c2013. |
||
| 300 |
_axx,1035p. ; _bPB _c26.5 cm _c24 cm |
||
| 650 |
_aJob costing _964834 |
||
| 650 |
_aProcess costing _964835 |
||
| 650 |
_aCapital budgeting and cost analysis _964836 |
||
| 700 |
_aDatar, Srikant M. _964837 |
||
| 700 |
_aRajan, Madhav V. _964838 |
||
| 942 |
_2ddc _cBK _e14th _k657.42 HORC |
||
| 999 |
_c180597 _d180597 |
||